[Event "Titled Tue 10th Jun Late"]
[Site "chess.com INT"]
[Date "2025.06.10"]
[Round "2"]
[White "Atanasov, Anthony"]
[Black "Perry, Patrick"]
[Result "1/2-1/2"]
[WhiteTitle "IM"]
[WhiteElo "2417"]
[BlackElo "2296"]
[WhiteFideId "2623897"]
[BlackFideId "30917727"]
[EventDate "2025.06.10"]

1. d4 c5 2. d5 Nf6 3. Nc3 e6 4. e4 d6 5. Bb5+ Bd7 6. Bc4 exd5 7. Nxd5 Nxd5 8.
Qxd5 Be6 9. Qd3 Bxc4 10. Qxc4 Be7 11. Nf3 O-O 12. O-O Nd7 13. Rd1 Qc7 14. Bf4
Nb6 15. Qe2 Rfd8 16. Rd2 Qc6 17. c4 Bf6 18. Rad1 Re8 19. Re1 Rad8 20. Qd3 Nc8
21. b3 a6 22. Rde2 b5 23. Nd2 Nb6 24. f3 Re6 25. Kh1 Nd7 26. Qc2 Ne5 27. Bg3 h5
28. h3 Ng6 29. Nf1 h4 30. Bf2 Nf4 31. Rd2 Be5 32. Ne3 Rde8 33. Bxh4 Rh6 34. Bg5
Rh5 35. Bxf4 Bxf4 36. Rde2 Qd7 37. Nd5 Bg3 38. Rf1 Re6 39. f4 Reh6 40. f5 Qd8
41. Rf3 Qg5 42. Qd2 Rxh3+ 43. gxh3 Rxh3+ 44. Kg2 Bf4+ 45. Kxh3 Bxd2 46. Rg3 Qh5+
47. Kg2 Qxe2+ 48. Kh3 Qh5+ 49. Kg2 Qe2+ 50. Kh3 f6 51. Nxf6+ Kf7 52. Nd5 Qxe4
53. f6 g6 54. a4 bxc4 55. bxc4 Qxc4 56. Ne7 Qe6+ 57. Kg2 Qxf6 58. Nd5 Qe5 59.
Rf3+ Kg7 60. Nc7 Qe4 61. Kf2 Qxf3+ 62. Kxf3 Bc3 63. Nxa6 Ba5 64. Nb8 d5 65. Nc6
Bb6 66. a5 Bxa5 67. Nxa5 Kf6 68. Nb7 c4 69. Nc5 Ke5 70. Nd7+ Kd4 71. Nf8 c3 72.
Ke2 g5 73. Ne6+ Kc4 74. Nxg5 d4 75. Nf3 d3+ 76. Ke3 c2 77. Kd2 Kb3 78. Ne1 Kb2
79. Nxd3+ Kb1 80. Kc3 c1=Q+ 81. Nxc1 1/2-1/2

[Event "Titled Tue 10th Jun Late"]
[Site "chess.com INT"]
[Date "2025.06.10"]
[Round "2"]
[White "Escareno Rojas, Angel Salvador"]
[Black "Sivakumar, Ashvin"]
[Result "0-1"]
[BlackTitle "FM"]
[WhiteElo "1965"]
[BlackElo "2175"]
[WhiteFideId "5107733"]
[BlackFideId "5804655"]
[EventDate "2025.06.10"]

1. d4 d6 2. c4 Nd7 3. e4 e5 4. Nc3 Ngf6 5. f4 Be7 6. Nf3 O-O 7. dxe5 dxe5 8.
fxe5 Ng4 9. Bf4 Bc5 10. Bg3 c6 11. h3 Ne3 12. Qd2 Nb6 13. b3 Nxf1 14. Rxf1 Qe7
15. Bh4 Qe6 16. O-O-O a5 17. Ne2 Ba3+ 18. Kb1 a4 19. Ned4 Qg6 20. Qe3 axb3 21.
axb3 Bc5 22. g4 Ra3 23. Qd3 Be6 24. Nf5 h6 25. Be7 Bxc4 26. Bxc5 Bxd3+ 27. Rxd3
Qe6 28. Bxa3 Ra8 29. Bc5 Nd7 30. Bd6 b5 31. Ne7+ Kh7 32. Nd4 Nxe5 33. Nxe6 Nxd3
34. Nc5 Nb4 35. Nb7 Ra7 36. Bxb4 Rxb7 37. Nxc6 Rc7 38. Ne5 f6 39. Nd3 Rd7 40.
Rf3 Rd4 41. Bc5 Rxe4 42. Kc2 h5 43. gxh5 Kh6 44. Nf4 f5 45. b4 Kg5 46. Be7+ Kh6
47. Rg3 Rxe7 48. Rg6+ Kh7 49. Rb6 Re4 50. Nd5 Rc4+ 51. Kd3 Rh4 52. Rxb5 Rxh3+
53. Kd4 Rxh5 54. Ke5 Rh4 55. Nf4 g6 56. Rb7+ Kh6 57. Rb8 Kg5 58. Ne6+ Kg4 59.
Rg8 Rh6 60. Nf4 g5 61. Ne6 Rh5 62. b5 f4 63. b6 Kf3 64. b7 g4+ 65. Kd6 Rb5 66.
Nc5 g3 67. b8=Q Rxb8 68. Rxb8 g2 69. Rb3+ Ke2 70. Rb2+ Kf1 71. Rb1+ Ke2 72. Ne4
f3 73. Ng3+ Ke3 74. Nf1+ Ke2 75. Ng3+ Ke3 76. Rg1 Kf2 77. Rb1 Kxg3 78. Rc1 f2
79. Rc3+ Kh2 80. Rc8 f1=Q 81. Rh8+ Kg1 82. Rg8 Qf4+ 83. Ke7 Qe5+ 84. Kf7 Qd5+
85. Kg7 Qxg8+ 86. Kxg8 Kf1 87. Kg7 g1=Q+ 0-1

[Event "Titled Tue 10th Jun Late"]
[Site "chess.com INT"]
[Date "2025.06.10"]
[Round "2"]
[White "Jagirapu, Harshin Reddy"]
[Black "Guliev, Gasan"]
[Result "0-1"]
[BlackTitle "CM"]
[WhiteElo "2042"]
[BlackElo "2123"]
[WhiteFideId "39910679"]
[BlackFideId "34165638"]
[EventDate "2025.06.10"]

1. d4 Nf6 2. c4 e6 3. g3 d5 4. Nf3 Be7 5. Bg2 O-O 6. O-O dxc4 7. Qc2 b5 8. a4
Bb7 9. axb5 a6 10. bxa6 Nxa6 11. Qxc4 Bd5 12. Qc3 Ne4 13. Qe3 Nb4 14. Rxa8 Qxa8
15. Nc3 Nxc3 16. bxc3 Na2 17. Bd2 c5 18. Ra1 Qb7 19. c4 cxd4 20. Qxd4 Bf6 21.
Qd3 Be4 22. Nd4 Bxg2 23. Rxa2 Bh3 24. f3 Bxd4+ 25. Qxd4 Qb1+ 26. Kf2 Qxa2 27. g4
Ra8 28. Kg3 e5 29. Qd5 Rc8 30. Kxh3 Qxc4 31. Qxe5 Qe6 32. Qb5 Re8 33. e4 h5 34.
Be3 hxg4+ 35. fxg4 Qxe4 36. Bg5 Qf3+ 37. Kh4 Qf2+ 38. Kh3 Qf3+ 39. Kh4 Qe4 40.
Kh3 Qd4 41. Kh4 Qe4 42. Qd7 Re6 43. Qd8+ Kh7 44. Qd2 Rg6 45. h3 f6 46. Be3 f5
47. Qe2 fxg4 48. hxg4 Qh1+ 49. Kg3 Rf6 50. Qh2+ Qxh2+ 51. Kxh2 Kg6 52. Kg3 Re6
53. Bd4 Re4 54. Bc3 Rc4 55. Be5 Kh6 56. Bf4+ Kh7 57. Kf3 Kg6 58. Bg3 Kf6 59.
Bh4+ Ke6 60. Bf2 Ra4 61. Kg3 g6 62. Be3 Kf6 63. Bf2 Ra3+ 64. Kf4 Ra4+ 65. Kg3
Rc4 66. Be3 Ke5 67. Bg5 Ke4 68. Bf6 Rc6 69. Bg5 Rc3+ 70. Kh4 Kf3 71. Bf6 Rc4 72.
Kg5 Rxg4+ 73. Kh6 Ke4 74. Bg5 Kf5 75. Be3 Re4 76. Bg5 Re1 77. Bd2 Rh1+ 78. Kg7
g5 79. Kf7 g4 0-1

[Event "Titled Tue 10th Jun Late"]
[Site "chess.com INT"]
[Date "2025.06.10"]
[Round "2"]
[White "Anandh, Vijay Srinivas"]
[Black "Fomevor, Cephas Clinton"]
[Result "1-0"]
[BlackTitle "CM"]
[WhiteElo "2011"]
[BlackElo "1883"]
[WhiteFideId "30975794"]
[BlackFideId "12601330"]
[EventDate "2025.06.10"]

1. e4 c5 2. d4 cxd4 3. Qxd4 Nc6 4. Qd3 d6 5. Nc3 g6 6. Nf3 Bg7 7. Be2 Nf6 8. O-O
O-O 9. Nd5 Ng4 10. c3 e6 11. Ne3 Nf6 12. Rd1 Ne8 13. Nc4 d5 14. exd5 exd5 15.
Qxd5 Qxd5 16. Rxd5 Be6 17. Rd1 Nc7 18. Be3 Rfd8 19. Nd4 Nxd4 20. Bxd4 Nd5 21.
Bxg7 Kxg7 22. g3 a6 23. Ne5 Rac8 24. Bf3 b5 25. Rd2 Nb6 26. Rad1 Rxd2 27. Rxd2
Bxa2 28. Rd6 Nc4 29. Nxc4 Bxc4 30. Bg2 a5 31. Bf1 Bxf1 32. Kxf1 b4 33. cxb4 axb4
34. Rd4 b3 35. Rb4 Rc1+ 36. Kg2 Rc2 37. Rxb3 h5 38. h4 Rc1 39. Rb8 Rb1 40. b4
Rb2 41. b5 Rb3 42. b6 Kh7 43. Kf1 Kg7 44. Ke1 Rb2 45. b7 Kf6 46. Kd1 Kg7 47. Kc1
Rb6 48. Kc2 Rb5 49. Kc3 Rb1 50. Kd4 Rb2 51. Kc5 Rb1 52. Kc6 Rc1+ 53. Kd5 Rd1+
54. Ke4 Re1+ 55. Kf3 Rb1 56. Kg2 Rb2 57. Kf1 Rb1+ 58. Ke2 Rb2+ 59. Kd1 Rb1+ 60.
Kc2 Rb5 61. f3 Rb6 62. Kd3 Rb1 63. Ke4 Rb4+ 64. Kd5 Rb1 65. g4 Rd1+ 66. Ke4 Re1+
67. Kf4 Rb1 68. gxh5 gxh5 69. Ke4 Rb4+ 70. Kd5 Rb1 71. Kd4 Rd1+ 72. Ke3 Rb1 73.
Kf2 Rb2+ 74. Kg3 Rb3 75. Kf4 Rb4+ 76. Kg5 Rb5+ 77. Kf4 Rb4+ 78. Kg3 Rb3 79. Kg2
Rb2+ 80. Kf1 Rb1+ 81. Ke2 Rb2+ 82. Kd1 Rb1+ 83. Kc2 Rb4 84. f4 Rb5 85. f5 Rb4
86. Kc3 Rb1 87. Kd4 Rd1+ 88. Ke5 Re1+ 89. Kf4 Rf1+ 90. Kg5 Rg1+ 91. Kxh5 Rb1 92.
Kg5 Rg1+ 93. Kf4 Rf1+ 94. Ke3 Rb1 95. h5 Kf6 96. h6 Rb3+ 97. Kd2 Rb2+ 98. Kc3
Rb1 99. h7 1-0

[Event "Titled Tue 10th Jun Late"]
[Site "chess.com INT"]
[Date "2025.06.10"]
[Round "2"]
[White "Ersoz, Teoman Guney"]
[Black "Yeganegi, Barad"]
[Result "0-1"]
[WhiteTitle "CM"]
[BlackTitle "FM"]
[WhiteElo "2052"]
[BlackElo "2400"]
[WhiteFideId "44537050"]
[BlackFideId "42516340"]
[EventDate "2025.06.10"]

1. d4 d5 2. Nc3 Nf6 3. Bg5 c6 4. f3 e6 5. e4 dxe4 6. fxe4 Bb4 7. Nf3 Qa5 8. Bd2
Nbd7 9. Bd3 Qh5 10. Qe2 c5 11. d5 O-O 12. O-O-O exd5 13. Nxd5 Nxd5 14. exd5
Bxd2+ 15. Qxd2 Nf6 16. Rhe1 Qxd5 17. Bxh7+ Kxh7 18. Qxd5 Nxd5 19. Rxd5 b6 20.
Re7 f6 21. h3 a5 22. Rh5+ Kg6 23. g4 f5 24. Rg5+ Kf6 25. Rexg7 fxg4 26. hxg4 Rf7
27. R5g6+ Ke7 28. Rxf7+ Kxf7 29. Ne5+ Ke7 30. Rxb6 Be6 31. Rb7+ Kd6 32. Nf7+ Kc6
33. Re7 Bd5 34. g5 Rg8 35. Ra7 Kb6 36. Re7 Rg7 37. Nd6 Rxg5 38. Nc8+ Kc6 39.
Na7+ Kb6 40. Nc8+ Kb5 41. b3 c4 42. Kb2 cxb3 43. axb3 Rg2 44. Nd6+ Kc6 45. Ne8
Rf2 46. Rc7+ Kb6 47. Rc3 Bc6 48. Nd6 a4 49. Nc4+ Kb7 50. bxa4 Bxa4 51. Na3 Kb6
52. Rc4 Bc6 53. Rb4+ Kc5 54. Rc4+ Kd5 55. Rb4 Kd6 56. Rb3 Bd5 57. Rd3 Kc5 58.
Nb1 Be4 59. Rc3+ Kd4 60. Na3 Rf8 61. Nb5+ Ke5 62. Rb3 Bd5 63. Rb4 Rb8 64. c3 Rf8
65. c4 Rf2+ 66. Kb3 Bf3 67. Nc3 Kd4 68. Rb5 Rf1 69. Rb8 Rc1 70. Rd8+ Kc5 71.
Na4+ Kc6 72. Rf8 Bd1+ 73. Kb4 Rb1+ 74. Kc3 Bxa4 75. Rf6+ Kc7 76. Kd4 Rd1+ 77.
Kc5 Rc1 78. Rf7+ Bd7 79. Rg7 Kd8 80. Rg8+ Ke7 81. Rg7+ Ke8 82. Rg8+ Kf7 83. Rd8
Be6 84. Rd4 Ke7 85. Re4 Kd7 86. Rd4+ Ke7 87. Re4 Kf6 88. Rf4+ Ke5 89. Rh4 Bf5
90. Rh5 Ke4 91. Rh4+ Kd3 92. Rf4 Be4 93. Kb5 Rxc4 94. Rf8 Rc7 95. Rd8+ Ke3 96.
Kb6 Re7 97. Rd6 Kf4 98. Rd1 Ke5 99. Kc5 Rc7+ 100. Kb6 Rc2 101. Kb5 Bd5 102. Rb1
Kd6 103. Kb4 Rc8 104. Rb2 Rc4+ 105. Ka3 Kc5 106. Rb8 Kd4 107. Kb2 Kd3 108. Rd8
Rc2+ 109. Kb1 Rc5 110. Kb2 Rb5+ 111. Ka3 Kc3 112. Ka4 Bc4 113. Rd6 Re5 114. Rc6
Rd5 115. Re6 Bb3+ 116. Ka3 Ra5# 0-1

[Event "Titled Tue 10th Jun Late"]
[Site "chess.com INT"]
[Date "2025.06.10"]
[Round "3"]
[White "Schnaider, Ilan"]
[Black "Saez Coma, Alejandro"]
[Result "1-0"]
[WhiteTitle "IM"]
[BlackTitle "CM"]
[WhiteElo "2388"]
[BlackElo "2167"]
[WhiteFideId "169013"]
[BlackFideId "32004818"]
[EventDate "2025.06.10"]

1. d4 Nf6 2. Nc3 d5 3. Bf4 c6 4. e3 g6 5. h4 h5 6. Nf3 Bg4 7. Be2 e6 8. Ne5 Bxe2
9. Qxe2 Bg7 10. O-O-O Nbd7 11. Kb1 Qe7 12. f3 O-O-O 13. Nxc6 Qe8 14. Nxa7# 1-0

[Event "Titled Tue 10th Jun Late"]
[Site "chess.com INT"]
[Date "2025.06.10"]
[Round "3"]
[White "Ngo, Quang Thai"]
[Black "Thiel, Thomas"]
[Result "1-0"]
[WhiteTitle "FM"]
[BlackTitle "FM"]
[WhiteElo "2326"]
[BlackElo "2170"]
[WhiteFideId "12403768"]
[BlackFideId "4615964"]
[EventDate "2025.06.10"]

1. d4 Nf6 2. Nf3 d5 3. c4 c6 4. Nc3 dxc4 5. a4 Bf5 6. Ne5 Nbd7 7. Nxc4 Nb6 8.
Ne5 Nfd7 9. e4 Nxe5 10. a5 Nbd7 11. exf5 1-0

[Event "Titled Tue 10th Jun Late"]
[Site "chess.com INT"]
[Date "2025.06.10"]
[Round "3"]
[White "Chueca Forcen, Alberto"]
[Black "Maklakova, Nellija"]
[Result "1-0"]
[WhiteTitle "IM"]
[WhiteElo "2292"]
[BlackElo "1924"]
[WhiteFideId "2269902"]
[BlackFideId "11603470"]
[EventDate "2025.06.10"]

1. Nf3 d5 2. g3 e6 3. Bg2 c5 4. O-O Nc6 5. b3 Be7 6. Bb2 Nf6 7. d3 O-O 8. c4 b6
9. Nbd2 Bb7 10. Ne5 Nxe5 11. Bxe5 Nd7 12. Bb2 d4 13. Bxb7 Rb8 14. Bg2 e5 15. e3
f5 16. exd4 exd4 17. f4 Nf6 18. h3 Bd6 19. Re1 Qc7 20. Qf3 g6 21. Qc6 Nh5 22.
Qxc7 Bxc7 23. Kf2 h6 24. Bf3 Nf6 25. Re6 g5 26. fxg5 hxg5 27. Rae1 g4 28. Bd5
Kh8 29. hxg4 Nxg4+ 30. Kg2 Ne3+ 31. R1xe3 1-0

[Event "Titled Tue 10th Jun Late"]
[Site "chess.com INT"]
[Date "2025.06.10"]
[Round "3"]
[White "Garcia, Jhoel"]
[Black "Ahn, Hongjin"]
[Result "1-0"]
[WhiteTitle "IM"]
[BlackTitle "IM"]
[WhiteElo "2293"]
[BlackElo "2304"]
[WhiteFideId "3801110"]
[BlackFideId "13201492"]
[EventDate "2025.06.10"]

1. e4 c5 2. Nf3 e6 3. c3 d5 4. exd5 exd5 5. d4 Nc6 6. Bb5 Bd6 7. O-O Ne7 8. dxc5
Bxc5 9. Nbd2 O-O 10. Nb3 Bb6 11. Bg5 Qd6 12. Nbd4 Bg4 13. Be2 Ng6 14. h3 Be6 15.
Qd2 f6 16. Be3 a6 17. Nxe6 Bxe3 18. Qxe3 Rae8 19. Nfd4 Nxd4 20. Qxd4 Rxe6 21.
Bf3 Rd8 22. Rad1 Re5 23. c4 Ne7 24. cxd5 Nxd5 25. Rfe1 Rxe1+ 26. Rxe1 Kf7 27.
Rd1 Ke6 28. Qg4+ 1-0

[Event "Titled Tue 10th Jun Late"]
[Site "chess.com INT"]
[Date "2025.06.10"]
[Round "3"]
[White "Garcia, Erick"]
[Black "Goldbeck, Lars"]
[Result "0-1"]
[BlackTitle "FM"]
[WhiteElo "2135"]
[BlackElo "2391"]
[WhiteFideId "2058880"]
[BlackFideId "16208188"]
[EventDate "2025.06.10"]

1. d4 d5 2. c4 c6 3. Nf3 Nf6 4. e3 e6 5. Nbd2 Be7 6. Bd3 O-O 7. O-O Nbd7 8. e4
dxe4 9. Nxe4 Nxe4 10. Bxe4 Nf6 11. Bc2 b6 12. Qe2 Bb7 13. Rd1 Qc7 14. b3 Rad8
15. Bb2 c5 16. Ne5 cxd4 17. Bxd4 Bc5 18. Bc3 Ba8 19. Ng4 Nxg4 20. Qxg4 f5 21.
Qe2 Qc6 0-1

[Event "Titled Tue 10th Jun Late"]
[Site "chess.com INT"]
[Date "2025.06.10"]
[Round "3"]
[White "De Sousa, Antonio Micaias Silva"]
[Black "Jagirapu, Harshin Reddy"]
[Result "0-1"]
[WhiteElo "2007"]
[BlackElo "2042"]
[WhiteFideId "22798528"]
[BlackFideId "39910679"]
[EventDate "2025.06.10"]

1. e4 e5 2. Nf3 Nc6 3. Bb5 a6 4. Ba4 Nf6 5. O-O Be7 6. Nc3 b5 7. Bb3 d6 8. Nd5
Nxd5 9. exd5 Na5 10. Re1 Nxb3 11. axb3 Bb7 12. d4 e4 13. Rxe4 Bxd5 14. Rg4 O-O
15. Bh6 Bf6 16. Qd2 Bxf3 17. gxf3 Kh8 18. Be3 Qd7 19. Kh1 Qf5 20. Qe2 c5 21.
dxc5 dxc5 22. c3 Rfe8 23. Rag1 Rad8 24. Rf4 Qxf4 0-1

[Event "Titled Tue 10th Jun Late"]
[Site "chess.com INT"]
[Date "2025.06.10"]
[Round "3"]
[White "Rosenberg, Evan S"]
[Black "Mafra, Kaiser Luiz"]
[Result "1-0"]
[BlackTitle "CM"]
[WhiteElo "1989"]
[BlackElo "2076"]
[WhiteFideId "2019299"]
[BlackFideId "2106698"]
[EventDate "2025.06.10"]

1. c4 e5 2. Nc3 d5 3. cxd5 c6 4. dxc6 Nxc6 5. Nf3 Nf6 6. d3 Bc5 7. g3 Ng4 8. e3
Bf5 9. h3 Nf6 10. g4 Bg6 11. Nh4 O-O 12. Nxg6 fxg6 13. Bg2 Nb4 14. O-O Qxd3 15.
Qxd3 Nxd3 16. Bxb7 Rab8 17. Ba6 Nxc1 18. Raxc1 Rxb2 19. Na4 Rxf2 20. Nxc5 Rxa2
21. Bc4+ 1-0

[Event "Titled Tue 10th Jun Late"]
[Site "chess.com INT"]
[Date "2025.06.10"]
[Round "3"]
[White "Ambartsumova, Karina"]
[Black "Anandh, Vijay Srinivas"]
[Result "1-0"]
[WhiteTitle "IM"]
[WhiteElo "2403"]
[BlackElo "2011"]
[WhiteFideId "4166299"]
[BlackFideId "30975794"]
[EventDate "2025.06.10"]

1. Nf3 Nf6 2. c4 e6 3. Nc3 d5 4. e3 Be7 5. b3 O-O 6. Bb2 b6 7. cxd5 Nxd5 8. Nxd5
Qxd5 9. Bc4 Qd8 10. d4 Bb7 11. O-O Nd7 12. Qe2 c5 13. Rfd1 cxd4 14. Nxd4 Qc7 15.
Nxe6 fxe6 16. Bxe6+ Kh8 17. Rxd7 Qc6 18. Qg4 Rf6 19. Rxe7 Rg6 20. Bxg7+ 1-0

[Event "Titled Tue 10th Jun Late"]
[Site "chess.com INT"]
[Date "2025.06.10"]
[Round "3"]
[White "Terron Elena, Francisco M."]
[Black "Jammalamadaka, Vihaan"]
[Result "1-0"]
[WhiteTitle "FM"]
[BlackTitle "CM"]
[WhiteElo "2148"]
[BlackElo "2018"]
[WhiteFideId "2210576"]
[BlackFideId "30977134"]
[EventDate "2025.06.10"]

1. e4 d5 2. exd5 Qxd5 3. Nc3 Qa5 4. g3 Nf6 5. Bg2 c6 6. Nge2 Bg4 7. h3 Bh5 8.
O-O e6 9. d4 Nbd7 10. g4 Bg6 11. Ng3 Bd6 12. f4 O-O-O 13. a3 e5 14. dxe5 Nxe5
15. Qe2 Rhe8 16. fxe5 Bxe5 17. Qf3 Qc7 18. Bf4 Qb6+ 19. Kh1 Qxb2 20. Bxe5 Rxe5
21. Rab1 Qxc2 22. Rxb7 Nd5 23. Nxd5 Kxb7 24. Nb4 Qc4 25. Nxc6 1-0

[Event "Titled Tue 10th Jun Late"]
[Site "chess.com INT"]
[Date "2025.06.10"]
[Round "3"]
[White "Vasquez Schroeder, Rodrigo"]
[Black "Niemann, Hans Moke"]
[Result "0-1"]
[WhiteTitle "GM"]
[BlackTitle "GM"]
[WhiteElo "2446"]
[BlackElo "2736"]
[WhiteFideId "3400042"]
[BlackFideId "2093596"]
[EventDate "2025.06.10"]

1. e4 e5 2. Nf3 Nc6 3. Bb5 a6 4. Ba4 Nf6 5. O-O Be7 6. Re1 b5 7. Bb3 O-O 8. h3
Bb7 9. d3 d6 10. a3 Re8 11. Nbd2 Bf8 12. Nf1 h6 13. Ng3 Ne7 14. c3 Ng6 15. a4 d5
16. Qc2 c5 17. axb5 axb5 18. Rxa8 Qxa8 19. exd5 Bxd5 20. Bxd5 Qxd5 21. Ne4 Nd7
22. c4 Qb7 23. Nc3 bxc4 24. dxc4 Nf6 25. Be3 e4 26. Nd2 Nh4 27. Qb3 Qc8 28. Qc2
Qf5 29. Nf1 Qg6 30. Ng3 Nh5 31. Nce2 Bd6 32. Kh2 Nf5 0-1

[Event "Titled Tue 10th Jun Late"]
[Site "chess.com INT"]
[Date "2025.06.10"]
[Round "3"]
[White "Urbina Quiroz, Edwin"]
[Black "Leschinsky, Gary"]
[Result "1-0"]
[WhiteElo "2041"]
[BlackElo "1992"]
[WhiteFideId "6500650"]
[BlackFideId "30951321"]
[EventDate "2025.06.10"]

1. e4 c6 2. Nf3 d5 3. Nc3 g6 4. d4 Bg7 5. e5 Bg4 6. h3 Bxf3 7. Qxf3 e6 8. h4 h5
9. Bd3 a6 10. Ne2 Ne7 11. c3 Nd7 12. Bg5 c5 13. Nf4 Qb6 14. Bxe7 Qxb2 15. O-O
Kxe7 16. Rab1 Qxc3 17. Rxb7 Qxd4 18. Bxg6 fxg6 19. Nxg6+ Kd8 20. Qf7 1-0

[Event "Titled Tue 10th Jun Late"]
[Site "chess.com INT"]
[Date "2025.06.10"]
[Round "3"]
[White "Santos, Antonio P"]
[Black "Castillo Pena, Patricia Evarista"]
[Result "1-0"]
[WhiteTitle "FM"]
[BlackTitle "WFM"]
[WhiteElo "2165"]
[BlackElo "1909"]
[WhiteFideId "1900161"]
[BlackFideId "6412106"]
[EventDate "2025.06.10"]

1. d4 d5 2. c4 c6 3. Nf3 Nf6 4. Nc3 e6 5. Bg5 Nbd7 6. e3 Be7 7. Qc2 b6 8. Rd1
Bb7 9. a3 Rc8 10. Qb1 a6 11. b4 Qc7 12. Bd3 dxc4 13. Bxc4 b5 14. Bd3 a5 15. Rc1
Qb6 16. O-O axb4 17. axb4 O-O 18. Ne4 h6 19. Bxf6 Nxf6 20. Nc5 Rfd8 21. Ne5 Nd5
22. g3 Ba8 23. Bh7+ Kf8 24. Ned7+ 1-0

[Event "Titled Tue 10th Jun Late"]
[Site "chess.com INT"]
[Date "2025.06.10"]
[Round "3"]
[White "Shi, Roger V"]
[Black "Alvarez, Leandro"]
[Result "1-0"]
[WhiteElo "2137"]
[BlackElo "2143"]
[WhiteFideId "30980119"]
[BlackFideId "132756"]
[EventDate "2025.06.10"]

1. e4 d6 2. d4 Nf6 3. Nc3 g6 4. Bd3 Bg7 5. Be3 O-O 6. h3 Nc6 7. Nf3 e5 8. d5 Ne7
9. Qd2 Nh5 10. g4 Nf6 11. O-O-O Ne8 12. Rdg1 c6 13. h4 cxd5 14. exd5 Nc7 15. h5
Ncxd5 16. Nxd5 Nxd5 17. hxg6 Nxe3 18. gxf7+ Rxf7 19. Bxh7+ Kf8 20. Qxe3 Qb6 21.
Ng5 Qxe3+ 22. fxe3 Rf6 23. Be4 Be6 24. Nh7+ Ke7 25. Nxf6 Kxf6 26. Rf1+ Ke7 27.
Rh7 Rg8 28. Bxb7 d5 29. g5 Kd6 30. Ba6 e4 31. c3 Be5 32. Rg1 1-0

[Event "Titled Tue 10th Jun Late"]
[Site "chess.com INT"]
[Date "2025.06.10"]
[Round "3"]
[White "Lavorgna, Giovanni"]
[Black "Thorhallsson, Simon"]
[Result "0-1"]
[WhiteTitle "CM"]
[BlackTitle "FM"]
[WhiteElo "1902"]
[BlackElo "2202"]
[WhiteFideId "11800100"]
[BlackFideId "2310090"]
[EventDate "2025.06.10"]

1. d4 g6 2. c4 Bg7 3. e4 d6 4. Nc3 Nf6 5. f3 O-O 6. Bg5 c5 7. d5 e6 8. Qd2 exd5
9. cxd5 h6 10. Be3 a6 11. a4 Nbd7 12. Nh3 Ne5 13. Nf2 Kh7 14. Be2 Bd7 15. O-O c4
16. Rfc1 b5 17. b4 cxb3 18. axb5 axb5 19. Rxa8 Qxa8 20. Nxb5 Bxb5 21. Bxb5 Rb8
22. Bc6 Qa2 23. h3 b2 24. Rd1 b1=Q 0-1

[Event "Titled Tue 10th Jun Late"]
[Site "chess.com INT"]
[Date "2025.06.10"]
[Round "3"]
[White "Sheehan, Ethan"]
[Black "Venkatesh, Narayan"]
[Result "1-0"]
[BlackTitle "FM"]
[WhiteElo "2364"]
[BlackElo "2168"]
[WhiteFideId "30943965"]
[BlackFideId "30987881"]
[EventDate "2025.06.10"]

1. h4 Nc6 2. Nf3 d6 3. d4 Nf6 4. c4 g6 5. Nc3 Bg7 6. e4 O-O 7. d5 Ne5 8. Nxe5
dxe5 9. Be2 e6 10. h5 exd5 11. cxd5 Bd7 12. Be3 c6 13. Qd2 cxd5 14. exd5 a6 15.
hxg6 fxg6 16. d6 Be6 17. Rd1 Qd7 18. Bg5 b5 19. Bxf6 Bxf6 20. Ne4 Bf5 21. Nxf6+
Rxf6 22. Qd5+ Kg7 23. Qxa8 Rxd6 24. Rxd6 Qxd6 25. O-O e4 26. Qa7+ Kh6 27. Rc1
Qe5 28. Qe3+ Kg7 29. Qc3 1-0

[Event "Titled Tue 10th Jun Late"]
[Site "chess.com INT"]
[Date "2025.06.10"]
[Round "3"]
[White "Cadena M, Gustavo Adolfo"]
[Black "Vakhidov, Jakhongir"]
[Result "0-1"]
[WhiteTitle "FM"]
[BlackTitle "GM"]
[WhiteElo "2258"]
[BlackElo "2539"]
[WhiteFideId "4404815"]
[BlackFideId "14201801"]
[EventDate "2025.06.10"]

1. d4 Nf6 2. c4 c5 3. d5 e5 4. Nc3 d6 5. e4 Nbd7 6. Bd3 Be7 7. Nge2 a6 8. a4 Nf8
9. O-O Ng6 10. f4 exf4 11. Nxf4 O-O 12. Nxg6 hxg6 13. Bd2 Ng4 14. Qe2 Bg5 15.
Rae1 Ne5 16. h3 Bd7 17. Kh1 Qe7 18. Rf2 Bh4 19. Ref1 Bxf2 20. Rxf2 f5 21. exf5
gxf5 22. Bc2 Rae8 23. b3 Ng4 24. Qxe7 Nxf2+ 25. Kg1 Nxh3+ 26. gxh3 Rxe7 27. Kf2
f4 28. Ne4 Bf5 29. Kf3 Bxe4+ 30. Bxe4 Rxe4 31. Kxe4 f3 0-1

[Event "Titled Tue 10th Jun Late"]
[Site "chess.com INT"]
[Date "2025.06.10"]
[Round "3"]
[White "Schracke, Guido"]
[Black "Xia, Joshua"]
[Result "0-1"]
[WhiteTitle "CM"]
[WhiteElo "2138"]
[BlackElo "2035"]
[WhiteFideId "4637054"]
[BlackFideId "30987830"]
[EventDate "2025.06.10"]

1. e4 c5 2. c3 Nf6 3. e5 Nd5 4. Nf3 d6 5. Bc4 e6 6. O-O Be7 7. exd6 Bxd6 8. d4
cxd4 9. Nxd4 O-O 10. Bxd5 exd5 11. Nd2 Nc6 12. N2f3 Bg4 13. Be3 Re8 14. h3 Bh5
15. Qb3 Qd7 16. Kh1 Bc5 17. Rfe1 Bxf3 18. Nxf3 Bxe3 19. Rxe3 Rxe3 20. fxe3 h6
21. Rd1 Re8 22. Rxd5 Qe6 23. Rd3 Qe4 24. Qd1 Re6 25. Kg1 Rg6 26. Kf2 Ne5 27.
Rd8+ Kh7 28. Rd4 Qf5 29. e4 Qf4 30. Qe2 Qg3+ 31. Kf1 Nxf3 32. Qxf3 Rf6 0-1

[Event "Titled Tue 10th Jun Late"]
[Site "chess.com INT"]
[Date "2025.06.10"]
[Round "3"]
[White "Haddouche, Mohamed"]
[Black "Vokhidov, Shamsiddin"]
[Result "1-0"]
[WhiteTitle "GM"]
[BlackTitle "GM"]
[WhiteElo "2490"]
[BlackElo "2644"]
[WhiteFideId "7900660"]
[BlackFideId "14204223"]
[EventDate "2025.06.10"]

1. e4 c5 2. Nf3 d6 3. d4 cxd4 4. Nxd4 Nf6 5. Nc3 a6 6. Be2 e6 7. Be3 Qc7 8. O-O
Be7 9. f4 O-O 10. Qe1 b5 11. a3 Bb7 12. Bf3 Nbd7 13. Qg3 Rac8 14. Rae1 Qb8 15.
Kh1 Rxc3 16. bxc3 Nxe4 17. Bxe4 Bxe4 18. f5 exf5 19. Bh6 Bf6 20. Rxe4 fxe4 21.
Rxf6 g6 22. Rxd6 Rd8 23. Bg5 f6 24. Bxf6 Nxf6 25. Rxf6 Qb7 26. Qe5 Qd7 27. h3
Re8 28. Re6 Rxe6 29. Qxe6+ Qxe6 30. Nxe6 e3 31. Nd4 Kf7 32. Kg1 1-0

[Event "Titled Tue 10th Jun Late"]
[Site "chess.com INT"]
[Date "2025.06.10"]
[Round "3"]
[White "Ferey, Antonin"]
[Black "Morris-Suzuki, Alan H"]
[Result "1-0"]
[WhiteTitle "CM"]
[WhiteElo "2238"]
[BlackElo "1987"]
[WhiteFideId "36051454"]
[BlackFideId "30933218"]
[EventDate "2025.06.10"]

1. e4 g6 2. d4 Bg7 3. Nc3 d6 4. g3 h5 5. h3 Nc6 6. Be3 h4 7. g4 e5 8. Nge2 Nf6
9. Bg2 Qe7 10. O-O Bd7 11. g5 Nh5 12. Nd5 Qd8 13. f4 exf4 14. Nexf4 Ng3 15. Rf2
Be6 16. Nxe6 fxe6 17. Nf4 Qxg5 18. Qd2 Nxe4 19. Nxe6 Qxg2+ 20. Kxg2 Nxd2 21.
Nxg7+ Kd7 22. Rf7+ Ne7 23. Bxd2 1-0